000 00415nam a2200145Ia 4500
005 20241220023622.0
008 240331s9999 xx 000 0 und d
082 _bKAR
_a828
100 _aKarunatilake, H.N.S
245 0 _aEnglish publications in Ceylon in the nineteenth century
260 _aDehiwala
_bSridevi Printers ( Private) Limited
_c1989
300 _a103 p .,
650 _aEnglish literature
942 _cL
999 _c3412
_d3412